Statistics for All World Capitals from North to South, with Dots only Map

Click here to take the quiz!

General Stats

  • This quiz has been taken 5,076 times
    (297 since last reset)
  • The average score is 81 of 199

Answers on the Map

Answers color-coded by a green-red scale on the quiz's map according to % correct below.
Loading ...
 

Answer Stats

CountryCapital% Correct
IcelandReykjavik
100%
FinlandHelsinki
98%
NorwayOslo
96%
SwedenStockholm
93%
DenmarkCopenhagen
92%
LatviaRiga
91%
RussiaMoscow
91%
EstoniaTallinn
90%
LithuaniaVilnius
90%
BelarusMinsk
90%
IrelandDublin
89%
PolandWarsaw
86%
NetherlandsAmsterdam
86%
GermanyBerlin
86%
United KingdomLondon
84%
BelgiumBrussels
82%
UkraineKiev
81%
KazakhstanAstana
80%
Czech RepublicPrague
79%
LuxembourgLuxembourg
79%
FranceParis
79%
AustriaVienna
79%
SlovakiaBratislava
78%
MongoliaUlaanbaatar
77%
HungaryBudapest
76%
SwitzerlandBern
75%
LiechtensteinVaduz
75%
MoldovaChișinău
74%
SloveniaLjubljana
74%
CroatiaZagreb
74%
CanadaOttawa
74%
SerbiaBelgrade
74%
RomaniaBucharest
73%
MonacoMonaco
73%
San MarinoSan Marino
72%
Bosnia & HerzegovinaSarajevo
72%
BulgariaSofia
68%
KyrgyzstanBishkek
67%
KosovoPristina
64%
AndorraAndorra la Vella
62%
Vatican CityVatican City
61%
SpainMadrid
60%
MontenegroPodgorica
60%
GeorgiaTbilisi
59%
AlbaniaTirana
59%
MacedoniaSkopje
59%
ItalyRome
58%
AzerbaijanBaku
58%
UzbekistanTashkent
57%
ArmeniaYerevan
57%
PortugalLisbon
56%
United StatesWashington, D.C.
56%
South KoreaSeoul
55%
GreeceAthens
55%
TurkeyAnkara
55%
North KoreaPyongyang
55%
ChinaBeijing
55%
TunisiaTunis
53%
AlgeriaAlgiers
53%
JapanTokyo
53%
TajikistanDushanbe
51%
MaltaValletta
51%
IranTehran
51%
TurkmenistanAshgabat
50%
CyprusNicosia
50%
MoroccoRabat
50%
LebanonBeirut
50%
IraqBaghdad
49%
LibyaTripoli
49%
SyriaDamascus
49%
PakistanIslamabad
48%
JordanAmman
48%
IsraelJerusalem
48%
KuwaitKuwait City
48%
AfghanistanKabul
48%
EgyptCairo
47%
IndiaNew Delhi
46%
NepalKathmandu
46%
BangladeshDhaka
45%
Dominican RepublicSanto Domingo
45%
HaitiPort-au-Prince
45%
MexicoMexico City
45%
CubaHavana
45%
OmanMuscat
45%
BhutanThimphu
45%
United Arab EmiratesAbu Dhabi
45%
Saudi ArabiaRiyadh
45%
TaiwanTaipei
45%
BahamasNassau
45%
QatarDoha
45%
VietnamHanoi
44%
BahrainManama
44%
JamaicaKingston
44%
BurmaNaypyidaw
42%
MauritaniaNouakchott
40%
LaosVientiane
40%
BelizeBelmopan
39%
St. Kitts & NevisBasseterre
37%
Antigua & BarbudaSaint John's
37%
GuatemalaGuatemala City
33%
HondurasTegucigalpa
31%
SudanKhartoum
31%
DominicaRoseau
31%
New ZealandWellington
31%
SenegalDakar
30%
PhilippinesManila
30%
YemenSana'a
30%
St. LuciaCastries
30%
Cape VerdePraia
30%
EritreaAsmara
30%
AustraliaCanberra
29%
ThailandBangkok
29%
El SalvadorSan Salvador
29%
UruguayMontevideo
28%
ArgentinaBuenos Aires
27%
BarbadosBridgetown
26%
NigerNiamey
26%
GambiaBanjul
26%
ChileSantiago
26%
MaliBamako
26%
St. Vincent & the GrenadinesKingstown
26%
VenezuelaCaracas
25%
NicaraguaManagua
25%
South AfricaCape Town
25%
Costa RicaSan José
24%
GrenadaSaint George's
24%
Burkina FasoOuagadougou
24%
ChadN'Djamena
24%
Guinea BissauBissau
24%
DjiboutiDjibouti
23%
Trinidad & TobagoPort-of-Spain
23%
PanamaPanama City
23%
CambodiaPhnom Penh
22%
GuineaConakry
22%
NigeriaAbuja
22%
LesothoMaseru
21%
GuyanaGeorgetown
21%
EthiopiaAddis Ababa
21%
Sierra LeoneFreetown
21%
Sri LankaSri Jayawardenapura Kotte
20%
BeninPorto-Novo
20%
TogoLomé
20%
SurinameParamaribo
20%
GhanaAccra
20%
LiberiaMonrovia
19%
BruneiBandar Seri Begawan
19%
Cote d'IvoireYamoussoukro
18%
MaldivesMalé
17%
Micronesia (Fed.States)Palikir
17%
TanzaniaDodoma
17%
MozambiqueMaputo
17%
SwazilandMbabane
17%
South AfricaBloemfontein
17%
PalauNgerulmud
17%
Marshall IslandsMajuro
17%
South SudanJuba
17%
ColombiaBogotá
17%
EcuadorQuito
16%
South AfricaPretoria
16%
ParaguayAsunción
16%
Central African RepublicBangui
15%
GabonLibreville
15%
SingaporeSingapore
15%
Congo (Rep. of)Brazzaville
15%
MalaysiaKuala Lumpur
15%
BotswanaGaborone
15%
NamibiaWindhoek
14%
SomaliaMogadishu
14%
CameroonYaoundé
14%
Equatorial GuineaMalabo
14%
São Tomé and PrincipeSão Tomé
14%
UgandaKampala
14%
KeynaNairobi
14%
RwandaKigali
14%
Congo (Dem. Rep.)Kinshasa
14%
SeychellesVictoria
14%
AngolaLuanda
13%
East TimorDili
13%
BrazilBrasília
13%
BoliviaLa Paz
13%
BurundiGitega
13%
IndonesiaJakarta
13%
NauruYaren
12%
MauritiusPort Louis
12%
ZambiaLusaka
12%
MadagascarAntananarivo
12%
MalawiLilongwe
12%
PeruLima
12%
ComorosMoroni
12%
Papua New GuineaPort Moresby
12%
KiribatiSouth Tarawa
12%
Solomon IslandsHoniara
11%
TuvaluFunafuti
11%
BoliviaSucre
11%
FijiSuva
11%
ZimbabweHarare
11%
SamoaApia
11%
TongaNukuʻalofa
10%
VanuatuPort Vila
9%

Score Distribution

Percentile by Number Answered

Percent of People with Each Score

Your Score History

You have not taken this quiz since the last reset